নিষ্ফলা মাঠের কৃষক / (Record no. 13126)
[ view plain ]
| 000 -LEADER | |
|---|---|
| fixed length control field | 00732nam a2200229 a 4500 |
| 001 - CONTROL NUMBER | |
| JCCL Control Number | 13126 |
| 003 - CONTROL NUMBER IDENTIFIER | |
| JCCL marc code | BD-JhCC |
| 005 - DATE AND TIME OF LATEST TRANSACTION | |
| control field | 20230711103908.0 |
| 008 - FIXED-LENGTH DATA ELEMENTS--GENERAL INFORMATION | |
| fixed length control field | 171101s2019 bg |||| ||a| 00| 0 ben d |
| 020 ## - INTERNATIONAL STANDARD BOOK NUMBER | |
| International Standard Book Number | 9841805138 |
| 035 ## - SYSTEM CONTROL NUMBER | |
| system control number | (BD-JhCC)13126 |
| 040 ## - CATALOGING SOURCE | |
| Original cataloging agency | BD-JhCC |
| Modifying agency | BD-JhCC |
| 041 ## - LANGUAGE CODE | |
| Language code of Book | bengali |
| 082 ## - DEWEY DECIMAL CLASSIFICATION NUMBER | |
| Author mark and Year | SAY 2019 |
| 100 ## - MAIN ENTRY--PERSONAL NAME | |
| Personal name | সায়ীদ, আবদুল্লাহ আবুু |
| 245 ## - TITLE STATEMENT | |
| Title | নিষ্ফলা মাঠের কৃষক / |
| Statement of responsibility, etc | আবদুল্লাহ আবুু সায়ীদ। |
| 260 ## - PUBLICATION, DISTRIBUTION, ETC. (IMPRINT) | |
| Place of publication, distribution, etc | ঢাকা : |
| Name of publisher, distributor, etc | বিশ্ব সাহিত্য কেন্দ্র; |
| Date of publication, distribution, etc | 2019. |
| 300 ## - PHYSICAL DESCRIPTION | |
| Pagination | 246 p. : |
| Dimensions | 21 cm. |
| 650 ## - SUBJECT ADDED ENTRY--TOPICAL TERM | |
| Topical term or geographic name as entry element | Motivation |
| 942 ## - ADDED ENTRY ELEMENTS (KOHA) | |
| Source of classification or shelving scheme | Dewey Decimal Classification |
| Koha item type | Books |
| Koha issues (borrowed), all copies | 1 |
| Source of classification or shelving scheme | Damaged status | Not for loan | Home library | Current library | Shelving location | Date of accession | Cost, normal purchase price | Full call number | Barcode | Date last seen | Copy number | Method of acquisition | Koha item type | Currency |
|---|---|---|---|---|---|---|---|---|---|---|---|---|---|---|
| Dewey Decimal Classification | JCC Rouf Library | JCC Rouf Library | General Stacks | 06/16/2023 | 320.00 | 153.1 SAY 2019 | 17914 | 07/11/2023 | C-1 | Purchase | Books | BDT | ||
| Dewey Decimal Classification | JCC Rouf Library | JCC Rouf Library | General Stacks | 160.00 | 891.4409 SAY 1999 | 19607 | 05/18/2024 | C-2 | Purchase | Books | BDT |